000 00306nam a22001217a 4500
082 _a510
_bSIN/T
100 _aA.P.SINGH
245 _aTOOLS FOR FORMATIVE ASSESSMENTS & LAB MANUAL IN MATHEMATICS
_bCLASS X
260 _aDELHI
_bS.DINESH & CO
300 _a168
650 _aMATHS FOR CLASS X
_zINDIA
942 _cBK
999 _c759
_d759